ЭКГ (Запись № 13514206)
[ простой вид ]
| 000 -МАРКЕР | |
|---|---|
| контрольное поле | 01922nam0a2200421 4500 |
| 001 - ИДЕНТИФИКАТОР ЗАПИСИ | |
| контрольное поле | RU\NLR\BIBL_A\022654325 |
| 005 - ИДЕНТИФИКАТОР ВЕРСИИ | |
| контрольное поле | 20260114131858.0 |
| 010 ## - МЕЖДУНАРОДНЫЙ СТАНДАРТНЫЙ НОМЕР КНИГИ (ISBN) | |
| Номер (ISBN) | 978-5-9704-9545-2 |
| Тираж | 1000 |
| 021 ## - НОМЕР ГОСУДАРСТВЕННОЙ РЕГИСТРАЦИИ | |
| Код страны | Российская Федерация |
| Номер | КН-П-25-054785 |
| Номер Листа государственной регистраци | КН-П-25-5288 |
| 035 ## - ДРУГИЕ СИСТЕМНЫЕ НОМЕРА | |
| Идентификатор записи | (NLR Aleph) 022654325 |
| 100 ## - ДАННЫЕ ОБЩЕЙ ОБРАБОТКИ | |
| Данные общей обработки | 20251024d2025 k y0rusy50 ca |
| 101 1# - ЯЗЫК РЕСУРСА | |
| Язык текста, звукозаписи и т.д. | русский |
| Язык оригинала | немецкий |
| 102 ## - СТРАНА ПУБЛИКАЦИИ ИЛИ ПРОИЗВОДСТВА | |
| Страна публикации | Российская Федерация |
| 105 ## - ПОЛЕ КОДИРОВАННЫХ ДАННЫХ: ТЕКСТОВЫЕ МАТЕРИАЛЫ, МОНОГРАФИЧЕСКИЕ | |
| Кодированные данные о монографическом текстовом документе | ah g 001zy |
| 181 #0 - ПОЛЕ КОДИРОВАННЫХ ДАННЫХ: ВИД СОДЕРЖАНИЯ | |
| Код вида содержания (ISBD) | i3 |
| Код характеристики содержания (ISBD) | axxe |
| 182 #0 - ПОЛЕ КОДИРОВАННЫХ ДАННЫХ: ТИП СРЕДСТВА | |
| Код типа средства (ISBD) | n - непосредственное |
| 200 1# - ЗАГЛАВИЕ И СВЕДЕНИЯ ОБ ОТВЕТСТВЕННОСТИ | |
| Основное заглавие | ЭКГ |
| Сведения, относящиеся к заглавию | справочник |
| Первые сведения об ответственности | Кристан В. Хамм, Штефан Виллемс |
| Последующие сведения об ответственности | перевод с немецкого под редакцией профессора Ю. А. Васюка |
| 203 ## - ВИД СОДЕРЖАНИЯ И ТИП СРЕДСТВА | |
| Вид содержания | Текст |
| Дополнительные сведения об издании | визуальный |
| Тип средства | непосредственный |
| 205 ## - СВЕДЕНИЯ ОБ ИЗДАНИИ | |
| Сведения об издании | 2-е изд. на русском языке |
| 210 ## - ПУБЛИКАЦИЯ, РАСПРОСТРАНЕНИЕ И ДР. | |
| Место издания, распространения и т.д. | Москва |
| Имя издателя, распространителя и т. д. | ГЭОТАР-Медиа |
| Дата издания, распространения и т.д. | 2025 |
| 215 ## - ФИЗИЧЕСКАЯ ХАРАКТЕРИСТИКА | |
| Специфическое обозначение материала и объем | 348, [1] с. |
| Другие сведения о физической характеристике | ил., табл., факс. |
| Размеры | 19 |
| 225 1# - СЕРИЯ | |
| Основное заглавие серии | Карманный справочник |
| 300 ## - ОБЩИЕ ПРИМЕЧАНИЯ | |
| Текст примечания | Загл. и авт. ориг.: Checkliste EKG / Christian W. Hamm, Stephan Willems |
| 300 ## - ОБЩИЕ ПРИМЕЧАНИЯ | |
| Текст примечания | Загл. корешка: ЭКГ. Карманный справочник |
| 320 ## - ПРИМЕЧАНИЯ О НАЛИЧИИ В ДОКУМЕНТЕ БИБЛИОГРАФИИ / УКАЗАТЕЛЯ | |
| Текст примечания | Предм. указ.: с. 347-348 |
| 454 #0 - ОРИГИНАЛ (ПЕРЕВОДА) | |
| Встроенное поле | 2001#$aCheckliste EKG$fChristian W. Hamm, Stephan Willems |
| -- | 700#1$aHamm$bC. W.$gChristian W. |
| -- | 701#1$aWillems$bS.$gStephan |
| 516 1# - ЗАГЛАВИЕ НА КОРЕШКЕ [ИЗДАНИЯ] | |
| Заглавие на корешке | ЭКГ. Карманный справочник |
| 606 1# - НАИМЕНОВАНИЕ ТЕМЫ КАК ПРЕДМЕТ | |
| Наименование темы | Электрокардиография |
| Формальный подзаголовок | Справочники |
| Код системы | nlr_sh1 |
| -- | nlr_sh2 |
| Идентификатор авторитетной/нормативной записи | RU\NLR\AUTH\6621233 |
| 686 1# - ИНДЕКСЫ ДРУГИХ КЛАССИФИКАЦИЙ | |
| Индекс | Р343.371я22 |
| 686 1# - ИНДЕКСЫ ДРУГИХ КЛАССИФИКАЦИЙ | |
| Индекс | Р410-433.71я22 |
| 700 #1 - ИМЯ ЛИЦА - ПЕРВИЧНАЯ ОТВЕТСТВЕННОСТЬ | |
| Начальный элемент ввода | Хамм |
| Часть имени, кроме начального элемента ввода | К. В. |
| Расширение инициалов личного имени | Кристиан В. |
| 701 #1 - ИМЯ ЛИЦА - АЛЬТЕРНАТИВНАЯ ОТВЕТСТВЕННОСТЬ | |
| Начальный элемент ввода | Виллемс |
| Часть имени, кроме начального элемента ввода | Ш. |
| Расширение инициалов личного имени | Штефан |
| 702 #1 - ИМЯ ЛИЦА - ВТОРИЧНАЯ ОТВЕТСТВЕННОСТЬ | |
| Начальный элемент ввода | Васюк |
| Часть имени, кроме начального элемента ввода | Ю. А. |
| Расширение инициалов личного имени | Юрий Александрович |
| Код отношения | Редактор |
| 942 ## - ДОПОЛНИТЕЛЬНЫЕ ЭЛЕМЕНТЫ ЗАПИСИ (АБИС) | |
| Тип экземпляра АБИС | Книга |
| 980 ## - КОЛЛЕКЦИЯ | |
| Название коллекции | Национальная библиография |
Нет доступных экземпляров.